banner koha

Sem terra, com fome e precisando do Brasil (Registro n. 332076)

MARC details
000 -LÍDER
fixed length control field 00828nab a2200253 4500
003 - CÓDIGO MARC DA AGÊNCIA CATALOGADORA
Campo de controle BR-BrBNA
005 - DATA E HORA DA ÚLTIMA ATUALIZAÇÃO
Campo de controle 20250615224203.0
008 - CAMPO DE TAMANHO FIXO
fixed length control field 250615b bl.||||| |||| 00| 0 por d
040 ## - FONTE DA CATALOGAÇÃO
Agência catalogadora BR-BrBNA
Idioma da catalogação por
072 ## - CATEGORIA AGRIS
Código AGRIS E71 ; F01 ; L01
100 ## - ENTRADA PRINCIPAL - NOME PESSOAL
Nome pessoal Bacoccina, Denize
245 ## - TÍTULO PRINCIPAL
Título principal Sem terra, com fome e precisando do Brasil
Subtítulo Agroeconomia
500 ## - NOTA GERAL
Nota geral 4 illus.
942 ## - ADDED ENTRY ELEMENTS (KOHA)
Koha item type Analítica
650 ## - ASSUNTO - THESAGRO
Cabeçalho tópico ou nome geográfico BRASIL
650 ## - ASSUNTO - THESAGRO
Cabeçalho tópico ou nome geográfico PRODUÇÃO AGROPECUÁRIA
650 ## - ASSUNTO - THESAGRO
Cabeçalho tópico ou nome geográfico COMÉRCIO EXTERIOR
650 ## - ASSUNTO - THESAGRO
Cabeçalho tópico ou nome geográfico EXPORTAÇÃO
650 ## - ASSUNTO - THESAGRO
Cabeçalho tópico ou nome geográfico CHINA
650 ## - ASSUNTO - THESAGRO
Cabeçalho tópico ou nome geográfico CONSUMO ALIMENTAR
650 ## - ASSUNTO - THESAGRO
Cabeçalho tópico ou nome geográfico BARREIRA COMERCIAL
773 0# - ENTRADA ANALÍTICA
Host Biblionumber 1706
Registro do item 347883
Imprenta São Paulo-SP Editora Três Ltda - E-mail: luizfsa@revistadinheiro.com.br 2004
Outro identificador 2025-0382
Título Dinheiro Rural (Brazil)
ISSN 1807-3700
Colação v. 6(56) p. 24-26; (Jun 2009)
Número de controle de registro BR2025001332

Nenhum exemplar disponível.

BINAGRI

Telefone: (61)3218-2567/2388/3357/2097 - binagri@agro.gov.br

Ministério da Agricultura e Pecuária , Esplanada dos Ministérios, Bloco D, Anexo B, Brasília/DF, CEP: 70.043-900